Advanced practical organic chemistry

Bewaard in:
Bibliografische gegevens
Hoofdauteurs: Leonard, John (Auteur), Lygo, Barry (Auteur), Procter, Garry (Auteur)
Formaat: Boek
Taal:Engels
Gepubliceerd in: Boca Ratón CRC Press 2013
Editie:3a. ed
Reeks:Chemistry
Onderwerpen:
Tags: Voeg label toe
Geen labels, Wees de eerste die dit record labelt!

MARC

LEADER 00000cam a2200000 a 4500
001 UCF6502
003 CL-VaPUC
008 130503e20130000US |||||||||||||||||eng|d
020 |a 9781439860977 
082 0 4 |a 547.0078  |b LEO  |2 21 
100 |a Leonard, John  |e author  |9 568475 
700 0 |a Lygo, Barry  |e author  |9 568476 
700 0 |a Procter, Garry  |e author  |9 568477 
245 1 0 |a Advanced practical organic chemistry 
250 |a 3a. ed 
300 |a 330 p 
942 |c BK 
945 |d 20130503 00:00:00  |a cmena 
260 |a Boca Ratón  |b CRC Press  |c 2013 
650 0 |a Química orgánica   |9 259426 
650 0 |a Manuales de laboratorio  |9 259429 
650 0 |a Métodos de investigación   |9 262618 
583 |a last modification  |c 20130503 10:06:00  |k Rodrigo Vera 
490 0 |a Chemistry 
999 |c 351671  |d 351669 
952 |0 0  |1 0  |4 0  |6 547_007800000000000_LEO_2013  |7 0  |8 A  |9 455914  |a BIBCUR  |b BIBCUR  |d 2019-11-22  |i 4969065  |l 2  |o 547.0078 LEO 2013  |p 4969065  |r 2025-04-22  |s 2024-09-12  |w 2019-11-22  |y BK  |k QUI 
952 |0 0  |1 0  |4 0  |6 547_007800000000000_LEO_2013  |7 0  |8 A  |9 455915  |a BIBCUR  |b BIBCUR  |d 2019-11-22  |i 4969073  |l 1  |o 547.0078 LEO 2013  |p 4969073  |r 2025-04-22  |s 2022-03-16  |w 2019-11-22  |y BK  |k QUI 
952 |0 0  |1 0  |4 0  |6 547_007800000000000_LEO_2013  |7 0  |8 A  |9 455916  |a BIBCUR  |b BIBCUR  |d 2019-11-22  |i 4969081  |o 547.0078 LEO 2013  |p 4969081  |r 2025-04-22  |w 2019-11-22  |y BK  |k QUI